000 00766nam a2200253 i 4500
001 bgj
100 1 _aHEINE, Heinrich
_d(1797-1856)
245 1 0 _aHeinrich Heine.
_nTeil 1 /
_cHeinrich Heine ; Hrsg. von Norbert Altenhofer.
250 _aStudienausgabe.
260 _aBerlin :
_bHeimeran,
_c1971.
300 _a482, [1] S. :
_bIll. ;
_c21 cm.
490 1 _aDichter über ihre Dichtungen ;
_vBand 8/I
504 _aBibliographie S. 477-479.
600 1 9 _aHeine, Heinrich, 1797-1856
650 9 _aDeutsche Literatur
700 1 _aALTENHOFER, Norbert.
_eHrsg.
830 _aDichter über ihre Dichtungen ;
020 _a3776530138
040 _cBPK
041 0 _ager
920 _a3-7765-3013-8
942 _cKS
008 s gw f |000 0 ger
999 _c50276
_d50276
856 _uhttp://koha.tu.koszalin.pl/cgi-bin/koha/opac-detail.pl?biblionumber=50276
_yKatalog online BPK